Электрические станции и сети: сборник нормативных документов

Dades bibliogràfiques
Sumari:Официальные тексты по состоянию на 01.03.2006 г.
В сборник включены основные нормативные документы, регламентирующие эксплуатацию электрических станций и сетей: Правила технической эксплуатации электрических станций и сетей РФ;Правила техники безопасности при эксплуатации тепломеханического оборудования электростанций и тепловых сетей (с дополнениями и изменениями); Типовая инструкция по учету электроэнергии при ее производстве, передаче и распределении (и изменением № 1); Инструкция по предотвращению и ликвидации аварий в электрической части энергосистем; Правила работы с персоналом в организациях электроэнергетики РФ; Правила пожарной безопасности для энергетических предприятий. Для руководителей и специалистов предприятий и организаций электроэнергетики.
Idioma:rus
Publicat: Москва, ЭНАС, 2012
Col·lecció:Нормативная база
Matèries:
Format: MixedMaterials Llibre
KOHA link:https://koha.lib.tpu.ru/cgi-bin/koha/opac-detail.pl?biblionumber=218802

MARC

LEADER 00000nam0a2200000 4500
001 218802
005 20231101230222.0
010 |a 9785424800146 
035 |a (RuTPU)RU\TPU\book\238835 
035 |a RU\TPU\book\231801 
090 |a 218802 
100 |a 20120626d2012 k y0rusy50 ca 
101 0 |a rus 
102 |a RU 
105 |a y l 000zy 
200 1 |a Электрические станции и сети  |e сборник нормативных документов 
210 |a Москва  |c ЭНАС  |d 2012 
215 |a 716 с. 
225 1 |a Нормативная база 
300 |a Официальные тексты по состоянию на 01.03.2006 г. 
330 |a В сборник включены основные нормативные документы, регламентирующие эксплуатацию электрических станций и сетей: Правила технической эксплуатации электрических станций и сетей РФ;Правила техники безопасности при эксплуатации тепломеханического оборудования электростанций и тепловых сетей (с дополнениями и изменениями); Типовая инструкция по учету электроэнергии при ее производстве, передаче и распределении (и изменением № 1); Инструкция по предотвращению и ликвидации аварий в электрической части энергосистем; Правила работы с персоналом в организациях электроэнергетики РФ; Правила пожарной безопасности для энергетических предприятий. Для руководителей и специалистов предприятий и организаций электроэнергетики. 
606 1 |a Электрические станции  |x Эксплуатация  |2 stltpush  |3 (RuTPU)RU\TPU\subj\27639  |9 51362 
610 1 |a водное хозяйство 
610 1 |a тепломеханическое оборудование 
610 1 |a электрическое оборудование 
610 1 |a безопасность 
610 1 |a обслуживание 
610 1 |a электрическая энергия 
610 1 |a учет 
610 1 |a аварии 
610 1 |a персонал 
610 1 |a электрические сети 
610 1 |a электрические станции 
610 1 |a Россия 
610 1 |a гидротехнические сооружения 
610 1 |a оперативно-диспетчерское управление 
610 1 |a инструкции 
610 1 |a предотвращение 
610 1 |a ликвидация 
610 1 |a пожарная безопасность 
610 1 |a правила 
610 1 |a охрана труда 
675 |a 621.311.2.004(083)  |v 3 
801 1 |a RU  |b 63413507  |c 20120322 
801 2 |a RU  |b 63413507  |c 20191226  |g RCR 
942 |c BK 
959 |a 44/20120321  |d 1  |e 539,00  |f ЧЗКДП:1